000 00560nam a22001937a 4500
003 URS
005 20260224103128.0
008 260224b |||||||| |||| 00| 0 eng d
020 _a9786210223378
040 _cURS
050 _aKPM 2176
_b.G11 2024
100 _aGabato, Vien Lawrence S.
245 _aPhilippine election law /
_cAtty. Vien Lawrence S. Gabato
250 _a2024 Edition.--
264 _aQuezon City :
_bCentral Book Supply, Inc.,
_c© 2024.
300 _a779 pages :
_c24 cm.
650 _a Election law -- Philippines
942 _2lcc
_cF
999 _c98813
_d98810